MARC

LEADER 00000nam0a2200000 4500
001 51008
005 20231031034231.0
035 |a (RuTPU)RU\TPU\book\53399 
090 |a 51008 
100 |a 20030423d1977 km y0rusy50 ca 
101 0 |a rus 
102 |a RU 
105 |a a z 001zy 
200 1 |a Вихревые токи  |f А. Л. Дорофеев 
210 |a Москва  |c Энергия  |d 1977 
215 |a 72 с.  |c ил. 
225 1 |a Массовая радиобиблиотека  |v Вып. 935 
320 |a Библиогр.: с. 69-70 
610 1 |a вихревые токи 
610 1 |a токи Фуко 
610 1 |a поверхностный эффект 
610 1 |a применение 
610 1 |a трещины 
610 1 |a выявление 
610 1 |a толщинометрия 
610 1 |a структурный анализ 
675 |a 621.3.014  |v 3 
700 1 |a Дорофеев  |b А. Л.  |g Александр Леонтьевич 
801 1 |a RU  |b 63413507  |c 20030423  |g PSBO 
801 2 |a RU  |b 63413507  |c 20150819  |g PSBO 
942 |c BK